A course in model theory : an introduction to contemporary mathematical logic

Αποθηκεύτηκε σε:
Λεπτομέρειες βιβλιογραφικής εγγραφής
Κύριος συγγραφέας: Poizat, Bruno
Άλλοι συγγραφείς: Klein, Moses (Μεταφραστής)
Μορφή: Βιβλίο
Γλώσσα:English
Δημοσίευση: New York : Springer, c2000.
Σειρά:Universitext
Θέματα:
Ετικέτες: Προσθήκη ετικέτας
Δεν υπάρχουν, Καταχωρήστε ετικέτα πρώτοι!

MARC

LEADER 00000cam a2200000 i 4500
001 1/58118
008 071011s2000 nyu ||| | eng||
020 |a 0387986553 
035 |l 10091432 
040 |a GR-MyUA  |b gre  |e AACR2 
041 1 |a eng 
082 0 |a 511.8   |2 (22) 
100 1 |a Poizat, Bruno. 
245 1 2 |a A course in model theory :   |b an introduction to contemporary mathematical logic /   |c Bruno Poizat ; translated by Moses Klein.  
260 |a New York :   |b Springer,   |c c2000.  
300 |a xxxi, 443 σ. ;   |c 24 εκ. 
490 1 |a (Universitext) 
504 |a Περιλαμβάνει βιβλιογραφικές παραπομπές (σ. [419]-427) και ευρετήριο 
650 0 0 |a Model theory. 
700 1 |a Klein, Moses,  |e trl 
830 0 |a Universitext 
852 |a INST  |b SAMOS  |e 20071011  |h 511.8 POI  |p 005300028158  |q 005300028158  |t BK  |y 0 
852 |a INST  |b SAMOS  |e 20090202  |h 511.8 POI  |p 005300029484  |q 005300029484  |t BK  |y 0 
901 |a BIBL3-2009-1 
901 |a BIBL3-2007-3 
909 |a Σ  |b 155486 
909 |a Σ  |b 139357 
922 |a 3ΕΛΗ  |b 200808  |c ΕΠΕΑΕΚ2/ΤΜΗΜΑ ΜΑΘΗΜΑΤΙΚΩΝ-ΠΡΟΠΤΥΧΙΑΚΟ  |d ΜΙΧΑΛΟΠΟΥΛΟΣ 
922 |a 3ΕΛΗ  |b 200709  |c ΕΠΕΑΕΚ2/ΤΜΗΜΑ ΜΑΘΗΜΑΤΙΚΩΝ  |d ΠΑΠΑΣΩΤΗΡΙΟΥ 
970 |a ΡΟΥΣΣΟΥ  |b ΚΩΝΣΤΑΝΤΙΝΑ  |z 2007/10/11